| 000 | 00798nam a22002057a 4500 | ||
|---|---|---|---|
| 999 |
_c4724 _d4724 |
||
| 003 | AR-CdUCM | ||
| 008 | 190311b ||||| |||| 00| 0 spa d | ||
| 040 |
_aMUNICIPALIDAD PROVINCIAL DEL CUSCO _cBIBLIOTECA MUNICIPAL DEL CUSCO |
||
| 082 |
_a985.01 / _bB95 |
||
| 100 |
_aBuse de la Guerra, Hermann _914272 |
||
| 245 | _aIntroduccion al Perú / | ||
| 260 |
_aPerú : _bLeoncio Prado Imprenta , _c1965. |
||
| 300 |
_a393 páginas ; _c24.5 cm. |
||
| 505 | _aContenido : Arqueologia 1962 - 1963 -- Como surgio el Perú: Como se hizo de la nada -- Templo y Dioses en la raiz del Mundo -- Miscelanea sobre el tema del hombre y la cultura... | ||
| 650 |
_aHistoria del Perú _9259 |
||
| 650 |
_aSurgimiento del Perú _914641 |
||
| 650 |
_aHombr ey Cultura _914642 |
||
| 942 |
_2ddc _cLIBROS |
||
| 945 | _artm | ||